Strukturální analýza : Úvod pro projektu řízení /

Salvato in:
Dettagli Bibliografici
Autore principale: Tietze, Petr (Autore)
Natura: Libro
Lingua:ceco
Pubblicazione: Praha : Grada, 1992
Soggetti:
Accesso online:OBSAH
Tags: Aggiungi Tag
Nessun Tag, puoi essere il primo ad aggiungerne!!

MARC

LEADER 00000nam a22000003a 4500
001 stu40965
005 20150617225723.2
008 930608s1992----cs------------------cze-d
020 |a 80-85424-45-2 
040 |a STU  |b slo 
041 0 |a cze 
044 |a cs 
080 |a 65.012.43  |7 stu_us_auth*stu3366 
100 1 |a Tietze, Petr  |4 aut 
245 1 |a Strukturální analýza :  |b Úvod pro projektu řízení /  |c [aut.]Petr Tietze 
260 |a Praha :  |b Grada,  |c 1992 
300 |a 224 s 
650 7 |a Analýza štrukturálna  |2 stusub 
650 7 |a riadenie  |2 stusub 
856 4 |a https://sweb.mtf.stuba.sk/obsahy/strukturalni_analyza_uvod_do_projektu_rizeni_92.pdf  |u https://sweb.mtf.stuba.sk/obsahy/strukturalni_analyza_uvod_do_projektu_rizeni_92.pdf  |3 OBSAH 
996 |b 284M039299  |c M*8289-1  |l MMST  |s A  |a 24  |w stu40965_0001